Aportaciones a la historia de la estética

Gespeichert in:
Bibliographische Detailangaben
1. Verfasser: Lukács, Georg (autor)
Format: Buch
Sprache:Spanisch
Veröffentlicht: Ciudad de México Grijalbo 1966
Schriftenreihe:Colección norte
Schlagworte:
Tags: Tag hinzufügen
Keine Tags, Fügen Sie den ersten Tag hinzu!

MARC

LEADER 00000nam a2200000 a 4500
001 UCX1575
003 CL-VaPUC
008 901003e19660000MX |||||||||||||||||spa|d
082 0 4 |a 111.85  |b LUK  |2 21 
100 |a Lukács, Georg  |e autor  |9 375284 
245 1 0 |a Aportaciones a la historia de la estética 
300 |a 526 p 
942 |c BK 
945 |d 19901003 00:00:00 
260 |a Ciudad de México  |b Grijalbo  |c 1966 
650 0 |a Estética   |9 264950 
583 |a last modification  |c 19901003 00:00:00  |k Rodrigo Vera 
490 0 |a Colección norte 
999 |c 222769  |d 222767 
952 |0 0  |1 0  |4 0  |6 111_850000000000000_LUK_1966  |7 0  |8 A  |9 217939  |a FDOPOS  |b FDOPOS  |d 2019-11-15  |i 286813K  |o 111.85 LUK 1966  |p 286813K  |r 2025-01-22  |w 2019-11-15  |y BK  |k MLH